Представление документа в формате RUSMARC

ПолеНазваниеЗначение
  Тип записи a
  Библиографический уровень m
001 Контрольный номер RU/IS/BASE/544193587
005 Дата корректировки 20251125095503.0
010 Индекс ISBN __
a ISBN 978-5-17-093991-6 (в пер.)
d Цена 324-85
100 Данные общей обработки __
a Данные общей обработки 19170330d2015||||||| 0rusy0189 ca
101 Язык документа 1_
a Язык текста rus
c Язык оригинала eng
102 Страна публикации __
a Страна публикации RU|
105 Кодированные данные (монография) __
a Кодированные данные (монография) |||||||||00zy
200 Заглавие и сведения об ответственности 1_
a Заглавие Маяк
e Сведения, относящиеся к заглавию [роман : 16+]
f Первые сведения об ответственности Ф. Д. Джеймс ; [перевод с английского И. М. Бессмертной]
b Общее обозначение материала Текст
210 Выходные данные 1_
a Место издания Москва
c Издательство АСТ
d Дата издания 2015
215 Физическое описание __
a Объем 413, [1] с.
d Формат 21 см
225 Серия 2_
a Серия Ф. Д. Джеймс - королева английского детектива
300 Общие примечания __
a Общие примечания На обл.: Ф. Д. Джеймс - королева романов о преступлениях
300 Общие примечания __
a Общие примечания 2000 экз.
330 Аннотация __
a Аннотация Маленький остров близ Корнуолла давно облюбовали состоятельные люди, желающие отдохнуть на престижном курорте в тишине и покое. Но теперь покой нарушен. На старинном маяке обнаружен труп одного из обитателей островка - известного писателя. Многоопытный следователь Адам Дэлглиш приступает к расследованию и выясняет, что покойного ненавидели буквально все жители острова. Однако прежде, чем Дэлглиш завершает опрос свидетелей, таинственный преступник наносит новый жестокий удар...
333 Примечание о целевом назначении __
a Примечание о целевом назначении 16+. Для детей старше 16 лет
606 Тематические рубрики __
a Основная рубрика Художественная литература
606 Тематические рубрики __
a Основная рубрика Литература Европы (произведения)
y Географическая подрубрика Англия
y Географическая подрубрика Великобритания
610 Ключевые слова 0_
a Ключевые слова английская литература
a Ключевые слова детективная литература
a Ключевые слова детективные романы
a Ключевые слова детективы
a Ключевые слова зарубежная литература
a Ключевые слова иностранная литература
a Ключевые слова романы
a Ключевые слова тема преступлений
a Ключевые слова тема расследований
a Ключевые слова тема убийств
686 Индексы других классификаций __
2 Код системы rubbks
a Классификационный индекс 84(4Вел)6-445; ст84(4Вел)-4
700 Автор _1
a Фамилия Джеймс
b Имя Ф. Д.
f Даты 1920-
g Полное личное имя Филис Дороти
4 Код отношения 070
702 Вторичная интеллектуальная ответственность _1
a Фамилия Бессмертная
b Имя И. М.
4 Код отношения 730
f Даты 1927-
g Полное личное имя Ирина Михайловна
801 Источник записи _0
a Страна RU
b Организация Муниципальное бюджетное учреждение культуры "Централизованная библиотечная система" г. Сургут (Центральная городская библиотека им. А. С. Пушкина)
c Дата составления 20170330
g Правила каталогизации КиК/Апакова
801 Источник записи _1
a Страна RU
b Организация Муниципальное бюджетное учреждение культуры "Централизованная библиотечная система" г. Сургут (Центральная городская библиотека им. А. С. Пушкина)
c Дата составления 20170330
g Правила каталогизации КиК/Апакова
852 Данные о местонахождении __
j Шифр хранения 84(4Вел)6-445
i Авторский знак Д 40
901 Тип документа __
t Тип документа m
903 Характеристики (МАРС) __
a Дата передачи 20170330
990 Данные о заказе (DOS) __
j Количество экземпляров (DOS) 7
t N записи в КСУ для И/У (DOS) 201704